| 000 | 00473nam a2200181 i 4500 | ||
|---|---|---|---|
| 001 | bg | ||
| 100 | 1 | _aDUBOWICKA, Anna | |
| 245 | 0 |
_aALGOL 1204 : _bzbiór zadań : skrypt dla studentów / _cAnna Dubowicka, Marek Estreicher. |
|
| 260 |
_aKraków, _c1975. |
||
| 630 | 0 | 9 | _aALGOL |
| 655 | _aĆwiczenia i zadania | ||
| 700 | 1 | _aESTREICHER, Marek | |
| 040 | _cBPK | ||
| 041 | _apol | ||
| 080 | _a519.682(076) | ||
| 942 | _cKS | ||
| 008 | s pl f |000 0 pol | ||
| 999 |
_c27415 _d27415 |
||
| 856 |
_uhttp://koha.tu.koszalin.pl/cgi-bin/koha/opac-detail.pl?biblionumber=27415 _yKatalog online BPK |
||